| 000 | 00891cab a2200217 4500 | ||
|---|---|---|---|
| 001 | ABS54225 | ||
| 008 | 090401t1995 xxu||||| |||| 00| 0 eng d | ||
| 035 | _a(Sirsi) u9115 | ||
| 041 | _aeng | ||
| 245 | _aFinding your way into the new red book | ||
| 260 | _c1995 | ||
| 350 | _a0 | ||
| 490 |
_aCSM (Chartered Surveyor Monthly) _v5(3) December 1995, 20-24(5) |
||
| 520 | _aAn introduction to the contents of the new Red Book. Explains the first six practice statements and gives information about the guidance notes. Covers trading-related valuations, residential valuations, expected changes to the manual, forced sale value and information on the "Guidance note on the contractor`s basis of valuation". | ||
| 650 | _aAPPRAISAL AND VALUATION MANUAL | ||
| 650 | _aNEW RED BOOK | ||
| 650 | _aVALUATION PRACTICE | ||
| 690 | _aRATING AND VALUATION | ||
| 942 | _n0 | ||
| 948 | _c04/03/1997 | ||
| 999 |
_c5650 _d5650 |
||